000
00326nam a2200133 a 4500
005
20140414093843.0
008
090205s19uu xx uuu eng d
050
_a
CD 792.42
_b
MY 1979
245
_a
My father's eyes :
_b
Amy Grant.
260
_a
New York :
_b
BMG Music.
650
_a
Songs.
942
_c
AVM
999
_c
109402
_d
109402